History Encyclopedia / (Record no. 196390)

MARC details
000 -LEADER
fixed length control field 00735nam a22001937a 4500
005 - DATE AND TIME OF LATEST TRANSACTION
control field 20230713120923.0
010 ## - LCCN (DPL NO)
LC control number B-751430-439 CHEN 25.5.23
020 ## - INTERNATIONAL STANDARD BOOK NUMBER
International Standard Book Number 9789384625962
Terms of availability 995.00
035 ## - SYSTEM CONTROL NUMBER
System control number B-751430-439
037 ## - SOURCE OF ACQUISITION
Source of stock number/acquisition Om Books International
082 ## - DEWEY DECIMAL CLASSIFICATION NUMBER
Classification number 954
245 ## - TITLE STATEMENT
Title History Encyclopedia /
260 ## - PUBLICATION, DISTRIBUTION, ETC. (IMPRINT)
Place of publication, distribution, etc New Delhi
Name of publisher, distributor, etc Om Books International
Date of publication, distribution, etc 2020(repr.)
270 ## - ADDRESS
Address 107, Ansari Road, Darya Ganj, New Delhi
City New Delhi
Postal code 110002
300 ## - PHYSICAL DESCRIPTION
Extent 256p.
Other physical details col.ill
Dimensions 29cm(Hb)
500 ## - GENERAL NOTE
General note Index Included
942 ## - ADDED ENTRY ELEMENTS (KOHA)
Source of classification or shelving scheme Dewey Decimal Classification
Item type Children Books
Call number suffix HIS
Classification part 954
Holdings
Withdrawn status Lost status Not for loan Collection code Home library Current library Date acquired Source of acquisition Cost, normal purchase price Full call number Barcode Copy number Cost, replacement price Koha item type
      Non-fiction Ashok Vihar Ashok Vihar 13/07/2023 BSB/CH/444/9.3.23/450/2.3.23/9.3.23 995.00 954 HIS B-751431 1 995.00 Children Books
      Non-fiction Bawana Bawana 13/07/2023 BSB/CH/444/9.3.23/450/2.3.23/9.3.23 995.00 954 HIS B-751436 1 995.00 Children Books
      Non-fiction Central Library Central Library 13/07/2023 BSB/CH/444/9.3.23/450/2.3.23/9.3.23 995.00 954 HIS B-751430 1 995.00 Children Books
      Non-fiction Diz Area Diz Area 13/07/2023 BSB/CH/444/9.3.23/450/2.3.23/9.3.23 995.00 954 HIS B-751435 1 995.00 Children Books
      Non-fiction Kasturba Gandhi Marg Kasturba Gandhi Marg 13/07/2023 BSB/CH/444/9.3.23/450/2.3.23/9.3.23 995.00 954 HIS B-751433 1 995.00 Children Books
      Non-fiction Katevara Katevara 13/07/2023 BSB/CH/444/9.3.23/450/2.3.23/9.3.23 995.00 954 HIS B-751437 1 995.00 Children Books
      Non-fiction Patel Nagar Patel Nagar 13/07/2023 BSB/CH/444/9.3.23/450/2.3.23/9.3.23 995.00 954 HIS B-751432 1 995.00 Children Books
      Non-fiction Peshwa Road Peshwa Road 13/07/2023 BSB/CH/444/9.3.23/450/2.3.23/9.3.23 995.00 954 HIS B-751434 1 995.00 Children Books
      Non-fiction Shahdara Branch Shahdara Branch 13/07/2023 BSB/CH/444/9.3.23/450/2.3.23/9.3.23 995.00 954 HIS B-751438 1 995.00 Children Books
      Non-fiction Yojana Vihar Yojana Vihar 13/07/2023 BSB/CH/444/9.3.23/450/2.3.23/9.3.23 995.00 954 HIS B-751439 1 995.00 Children Books

© Delhi Public Library
Hit Counter
free hit counter